| 000 | 00900cam a2200145ua 4500 | ||
|---|---|---|---|
| 041 |
_aeng _h |
||
| 082 |
_a691.223 _bIND/SP |
||
| 110 | 1 |
_aIndian Standards Institution . _b _c(New Delhi ) |
|
| 245 |
_aSpecification for sand and plastor / _cIndian Standards Institution. _hTextual Documents |
||
| 260 |
_aNew Delhi : _bIndian Standards Institution , _c1983. |
||
| 300 | _a7 ; . | ||
| 504 | _a | ||
| 942 | _cBK | ||
| 999 |
_c7058 _d7058 |
||